000 01016 a2200205 4500
001 57281
005 20260407155835.0
008 260407a1977 arg spa d
003 AR-UNSa-BCEJYS
040 _aAR-UNSa-BCEJYS
_bspa
_cAR-UNSa-BCEJYS
080 _a332.1
_xEconomía regional. Economía territorial
245 1 0 _aTeoría de la localización, análisis regional y redes de transporte
264 1 _aBuenos Aires :
_bEl Coloquio
_c1977
300 _a169 p.
_c21 cm.
505 _a1. Teoría de la localización industrial – 2. Economías y deseconomias de aglomeración – 3. Redes y sistemas de redes de áreas de mercado – 4. Teoría de la localización agraria – 5. Región económica. Región homogénea, polarizada y plan – 6. Organización especial de la economía. Extensiones teóricas – 7. Estrategias de desarrollo regional y la red de transporte correspondiente
041 _aspa
942 _cBK
590 _aniveau_biblio:m niveau_hierar:0
100 1 _aGrupe, Héctor Juan Carlos
999 _c6173
_d6173